|
|
|
|
| LEADER |
00000cam a2200000 a 4500 |
| 001 |
vtls010428487 |
| 003 |
SK-MaSNL |
| 005 |
20260302012430.0 |
| 007 |
co cg auuua |
| 008 |
240314s2012 xo fsp 000 0 slo |
| 015 |
|
|
|a SNBS2013
|
| 020 |
|
|
|a 9788055405032
|q (elektronická kniha)
|
| 040 |
|
|
|a SNK
|b slo
|c SNK
|e AACR2
|
| 041 |
0 |
|
|a slo
|
| 044 |
|
|
|a xo
|c SK
|
| 072 |
|
7 |
|a 658
|x Riadenie a správa podniku
|2 konspekt
|
| 072 |
|
7 |
|a 005
|x Manažment. Riadenie
|2 konspekt
|
| 080 |
|
|
|a 658.114-022.54/.55
|2 2001
|
| 080 |
|
|
|a 005
|2 2001
|
| 080 |
|
|
|a (075.8)
|2 2001
|
| 080 |
|
|
|a (0.034.44)
|2 2001
|
| 100 |
1 |
|
|a Vodák, Josef,
|d 1956-
|4 aut
|9 237256
|
| 245 |
1 |
0 |
|a Kapitoly z manažmentu malého a stredného podnikania
|h elektronický zdroj
|c Josef Vodák, Jana Magdolenová
|
| 250 |
|
|
|a 1. vyd.
|
| 260 |
|
|
|a V Žiline
|b Žilinská univerzita
|b Edis-vydavateľstvo ŽU
|c 2012
|
| 300 |
|
|
|a 1 elektronický optický disk (CD-ROM)
|b fareb.
|c 12 cm
|
| 500 |
|
|
|a Názov z titulnej obrazovky
|
| 504 |
|
|
|a Bibliogr. odkazy
|
| 516 |
|
|
|a Textový dokument (skriptá), súbor vo formáte pdf
|
| 538 |
|
|
|a Technické požiadavky: PDF prehliadač
|
| 650 |
0 |
7 |
|a malé a stredné podnikanie
|2 SNKPH
|9 101119
|
| 650 |
0 |
7 |
|a manažment
|2 SNKPH
|9 922
|
| 650 |
0 |
7 |
|a Small and medium-sized business
|2 SNKPHeng
|9 310981
|
| 650 |
0 |
7 |
|a Management
|2 SNKPHeng
|9 265406
|
| 655 |
|
7 |
|a učebnice vysokých škôl
|2 SNKPH
|9 70191
|
| 655 |
|
7 |
|a elektronické zdroje
|2 SNKPH
|9 90954
|
| 655 |
|
7 |
|a CD-ROM
|2 SNKPH
|9 70236
|
| 655 |
|
7 |
|a Textbooks (higher)
|2 SNKPHeng
|9 276436
|
| 655 |
|
7 |
|a Electronic resources
|2 SNKPHeng
|9 175546
|
| 700 |
1 |
|
|a Magdolenová, Jana
|4 aut
|9 606411
|
| 710 |
2 |
|
|a Žilinská univerzita v Žiline.
|b Fakulta riadenia a informatiky
|4 pbl
|9 183969
|
| 752 |
|
|
|a Slovensko
|d Žilina
|
| 852 |
|
|
|a Štátna vedecká knižnica v Banskej Bystrici
|
| 919 |
|
|
|a 978-80-554-0503-2
|
| 958 |
|
|
|a NB
|
| 999 |
|
|
|c 1009510
|d 1011440
|
| 952 |
|
|
|a SNK
|b SNK
|y PREZ
|7 0
|p 17A0954480
|o snkSCDM 4846
|i snk2012/11225
|8 0
|0 0
|1 0
|4 0
|d 2012-06-08
|l 0
|r 2026-02-24 12:48:03
|w 2026-02-24
|